| 000 | 00706cam a22001814a 4500 | ||
|---|---|---|---|
| 005 | 20250605164345.0 | ||
| 008 | 250528s ||||||||||||||||||||||||d | ||
| 035 | _a23855 | ||
| 040 |
_aGR-AtMCL _bgre _dGR-AtMCL _eAACR2 |
||
| 245 | 1 | _aThe Anarchic Hand / Cognitive Epidemiology, Supervising Qualitative Projects, Susan Greenfield, Relationships and Culture, A Bio-bio-bio Model of Madness | |
| 260 | _c2005 | ||
| 300 | _a63 | ||
| 520 | _aIntelligence and Health and Death, Why I Study... Relationships and Culture, How Should We Supervise Qualitative Projects, Daughters of Traditions. | ||
| 710 | 2 |
_aThe British Psychological Society _99823 |
|
| 942 | _cCR | ||
| 999 |
_c8778 _d8778 |
||